| 000 | 01123cam a2200265 4500 | ||
|---|---|---|---|
| 001 | J1965 | ||
| 008 | 090401t1993 xxu||||| |||| 00| 0 eng d | ||
| 035 | _a(Sirsi) u46523 | ||
| 041 | _aeng | ||
| 050 | _a338.43690944 | ||
| 110 |
_aChambre de Commerce Francaise de Grande-Bretagne Ltd _93080 |
||
| 245 | 4 | _aThe business of building in France. | |
| 260 |
_aLondon _bChambre de Commerce Francaise de Grande- _c1993 |
||
| 300 | _aiii,60p. ; 21cm. | ||
| 350 | _a19.95 | ||
| 520 | _aPublished in association with the RICS, the book is based on the proceedings of Franco-British Construction Industry Group`s conference of the same name. It aims to introduce property professionals to the French construction process, including chapters on planning, insurance and the property market as well as a case study of the experiences of Tarmac Construction Europe. | ||
| 650 | _aBUILDING INDUSTRY | ||
| 650 | _aFRANCE | ||
| 650 | _aPROPERTY MARKET | ||
| 650 | _aTARMAC CONSTRUCTION EUROPE | ||
| 690 | _aOVERSEAS-EUROPE | ||
| 710 |
_aFranco-British Construction Industry Group _92215 |
||
| 942 | _n0 | ||
| 948 | _c04/03/1997 | ||
| 999 |
_c91931 _d91931 |
||